Vista normal
Vista MARC
Entrada Nombre personal
Número de registros utilizados en: 6
001 - NÚMERO DE CONTROL
- Campo de control: 7501
003 - IDENTIFICADOR DE NÚMERO DE CONTROL
- Campo de control: ES-MaCES
005 - FECHA Y HORA DE LA ULTIMA MODIFICACION
- Campo de control: 20180416113542.0
008 - ELEMENTOS DE DATOS DE LONGITUD FIJA
- Campo de longitud fija: 060606 | azznnaabn |n aaa d
035 ## - NÚMERO DE CONTROL DEL SISTEMA
- Número de control del sistema: CES20060009773n
040 ## - FUENTE DE LA CATALOGACIÓN
- Agencia original de catalogación: ES-MaCES
- Idioma de catalogación: spa
- Agencia de transcripción: ES-MaCES
100 1# - ENCABEZAMIENTO--NOMBRE DE PERSONA
- Nombre personal: Benedicto Solsona, Miguel Ángel
400 ## - TRAZADO VEÁSE--NOMBRE DE PERSONA
- Nombre personal: Benedicto, Miguel Ángel
670 ## - FUENTE DE DATOS ENCONTRADOS
- Fuente de citación: Dialnet
901 ## - CES. DATOS SIRTEX
- ID Sirtex (N5N8): 0001500017408
- 005BIS Sirtex: 200606061156ALORITE

